000
00291nam a22001217a 4500
082
_a
620.104
_b
MAR
100
_a
Mariam, J.L
245
_a
Engineering Mechanics Dynamics vol-2
260
_b
Wiley
_c
2004
300
_a
710
_c
25 cm
700
_a
J.L Meriam
_9
13429
942
_2
ddc
_c
BK
999
_c
603116
_d
603116